000 00597nam a2200217Ia 4500
008 101110s9999 xx 000 0 und d
041 _aENGLISH
082 _bJR5211
100 _aSharma, Arpan; Choudhari Priti P.
245 _aA new cource in information Technology
260 _c2006
_bNeelkanth books, Pune.
300 _a321
365 _b80
520 _aReference Books
546 _aENGLISH
630 _aA new cource in information Technology
650 _aReference Books
655 _aReference Books
730 _aA new cource in information Technology
942 _cBOOK
999 _c796010
_d796007